| 000 | 00721nam a2200241 a 4500 | ||
|---|---|---|---|
| 001 | BRL_120 | ||
| 005 | 20190320210611.0 | ||
| 008 | 151012s1984----mx-a######---#000-0#spa-u | ||
| 041 | _aspa | ||
| 044 | _amx | ||
| 050 | 4 |
_aPQ6174.95 _b.G89 1984 |
|
| 100 | 1 |
_aGuzman, Arturo _922967 |
|
| 245 | 1 | 0 |
_aPoemas de tu abrupta ternura _cvoz literaria Arturo Guzmán ; voz grafica Gilverto Aceves Navarro. |
| 260 |
_aMéxico _bArtypro _c1984 |
||
| 300 |
_a1 v. (sin paginación) _bil. _c35 cm. |
||
| 500 | _aCon dedicatoria para Verónica Ortiz | ||
| 500 | _aCon dedicatoria para Ruth Lechuga | ||
| 500 | _aAu155 | ||
| 650 | 1 | 4 |
_aPoesía _917631 |
| 700 | 1 |
_aAceves Navarro, Gilverto _922968 |
|
| 902 | _aGRL | ||
| 942 |
_2lcc _cB |
||
| 999 |
_c8933 _d8933 |
||